Parliamentary Memorandum by the Minister for Finance on the Request for Approval for the Waiver of Import Duties, Import VAT, Import Getfund Levy, Import Nhil Levy, Exim Levy and Special Import Levy and Domestic VAT, Amounting to the Ghana Cedi Equivalent of US (Record no. 2136)

MARC details
000 -LEADER
fixed length control field 01207nam a2200145Ia 4500
008 - FIXED-LENGTH DATA ELEMENTS--GENERAL INFORMATION
fixed length control field 240429s9999||||xx |||||||||||||| ||und||
041 ## - LANGUAGE CODE
Language code of text/sound track or separate title eng
082 ## - DEWEY DECIMAL CLASSIFICATION NUMBER
Classification number PM/IVAT/20
100 ## - MAIN ENTRY--PERSONAL NAME
Personal name Parliament of Ghana
245 #0 - TITLE STATEMENT
Title Parliamentary Memorandum by the Minister for Finance on the Request for Approval for the Waiver of Import Duties, Import VAT, Import Getfund Levy, Import Nhil Levy, Exim Levy and Special Import Levy and Domestic VAT, Amounting to the Ghana Cedi Equivalent of US
-- 9,687,818.90 for the Procurement of Materials , Equipment, Works and Services for the Nine State of the Art Technical and Vocational Training Institutes in Ghana. GOG Contract.2020
300 ## - PHYSICAL DESCRIPTION
Extent 6p
650 ## - SUBJECT ADDED ENTRY--TOPICAL TERM
Topical term or geographic name entry element Parliamentary Memorandum by the Minister for Finance on the Request for Approval for the - Waiver of Import Duties, Import VAT, Import Getfund Levy, Import Nhil Levy, Exim Levy and Special Im - port Nhil Levy, Exim Levy and Special Import Levy and Domestic VAT, Amounting to the Ghana - Cedi Equivalent of US
Source of heading or term 9,687,818.90 for the Procurement of Materials , Equipment, Works and - Services for the Nine State of the Art Technical and Vocational Training Institutes in Ghana. GOG Co
942 ## - ADDED ENTRY ELEMENTS (KOHA)
Koha item type Memorandum
Holdings
Withdrawn status Lost status Damaged status Not for loan Home library Current library Shelving location Date acquired Total checkouts Full call number Date last seen Copy number Price effective from Koha item type
        Main Library Main Library Open Shelves 20/12/2022   PM/IVAT/20 4001 C1 - PM/IVAT/20 5846 C2 29/04/2024 1 29/04/2024 Memorandum
©2026  Parliament of Ghana Library - All rights reserved